000 01379nam a22002777a 4500
005 20090831142129.0
008 090721t xxu||||| |||| 00| 0 hin d
010 _aHIN-87910
020 _a9788190721424
_c200.00
035 _aHN-60256
037 _bDBAD / PUB
040 _adpl
_bhn
082 _a230.1
100 _aमिश्र, रामप्रसाद
245 _aरामः
_bरामप्रसाद मिश्र
_cऐतिहासिक जीवन चरित /
246 _aRama: aitihaasika jiiwana charita
_bby Ramprasad Mishra
260 _aनई दिल्ली
_bबुक बैंक इण्डिया
_c2009
270 _aएस-419, (ग्राउंड-फ्लोर), ग्रेटर कैलाश-1
_bनई दिल्ली
_e110048
_k29248888
300 _a203पृ.
_c22सेमी (सजिल्द)
650 _aराम ( हिन्दू देवता)
650 _aRama (Hindu deity)
650 _aराम ( हिन्दू पौराणिक कथा)
650 _aRama (Hindu mythology )
942 _2ddc
_cHN
_mमिश्ररा
_h230.1
999 _c29833
_d29833